000 00599nam a2200241Ia 4500
003 OSt
005 20221007073431.0
006 a|||||r|||| 00| 0
007 ta
008 221006b |||||||| |||| 00| 0 eng d
024 _a8,557
037 _cTextual
040 _aFLL
_cFLL
_beng
041 _2eng
_aeng
082 _aZ2,805q, L6.2
100 _aRaju V.B.
245 0 _aIndian penal code
260 _aLucknow
_bEastern Book Company India
_c1986
300 _a2040
_ccm.
490 _v2
942 _hZ2,805q, L6.2
_cTEXL
_2CC
999 _c1148735
_d1148735